000 00209 a2200085 4500
020 _a‎ 9781419749919
100 _aStephanie Mehta
245 _aFAST COMPANY INNOVATION BY DESIGN
260 _bHarry N. Abrams
_c2021
999 _c13526
_d13526